[Event "Pan American Intercollegiate-chT"]
[Site "McAllen"]
[Date "2024.01.07"]
[Round "6.3"]
[White "Beradze, Irakli"]
[Black "Raja, Harshit"]
[Result "1/2-1/2"]
[WhiteElo "2507"]
[BlackElo "2508"]
[PlyCount "20"]
[EventDate "2024.01.04"]
[EventType "team-swiss"]
[EventRounds "6"]
[EventCountry "USA"]
[SourceTitle "CB02_2024"]
[SourceDate "2024.01.10"]
[SourceVersion "1"]
[SourceVersionDate "2024.01.10"]
[SourceQuality "1"]
[WhiteTeam "Texas Rio Grande Valley Univ"]
[BlackTeam "Missouri Univ"]
[WhiteTeamCountry "USA"]
[BlackTeamCountry "USA"]

1. Nf3 d5 2. d4 Nf6 3. c4 e6 4. Nc3 c6 5. e3 Nbd7 6. Qc2 Bd6 7. Bd3 0-0 8. 0-0 dxc4 9. Bxc4 b5 10. Bd3 Bb7 1/2-1/2

[Event "Pan American Intercollegiate-chT"]
[Site "Seattle"]
[Date "2023.01.06"]
[Round "3"]
[White "Beradze, Irakli"]
[Black "Besa, Masaiti"]
[Result "1-0"]
[WhiteElo "2500"]
[BlackElo "1758"]
[PlyCount "79"]
[EventDate "2023.01.05"]
[EventType "team-swiss"]
[EventRounds "6"]
[EventCountry "USA"]
[SourceTitle "CBM 212 Extra"]
[Source "ChessBase"]
[SourceDate "2023.03.31"]
[SourceVersion "1"]
[SourceVersionDate "2023.03.31"]
[SourceQuality "1"]
[WhiteTeam "Texas Rio Grande Valley Univ"]
[BlackTeam "Texas Tech Univ"]
[WhiteTeamCountry "USA"]
[BlackTeamCountry "USA"]

1. Nf3 Nf6 2. g3 g6 3. b3 Bg7 4. Bb2 d5 5. c4 c5 6. cxd5 Qxd5 7. Bg2 0-0 8. Nc3 Qd8 9. Na4 Nbd7 10. Rc1 b6 11. Ne5 Ba6 12. Bxa8 Qxa8 13. f3 Rd8 14. Nxd7 Rxd7 15. Qc2 Bh6 16. Rd1 Nd5 17. a3 Rd6 18. Nc3 Re6 19. e4 Nxc3 20. Bxc3 f5 21. d3 Be3 22. Qe2 Bh6 23. 0-0 Bb7 24. Rfe1 f4 25. g4 Ba6 26. Qa2 Kf8 27. d4 Bg7 28. Qb2 cxd4 29. Bxd4 Bxd4+ 30. Rxd4 Kf7 31. Qd2 g5 32. Rd5 Kg6 33. h4 h6 34. Rc1 Rc6 35. hxg5 hxg5 36. Rxg5+ Kxg5 37. Qd5+ Kh4 38. Kf2 Rc2+ 39. Rxc2 Qxd5 40. exd5 1-0

[Event "Pan American Intercollegiate-chT"]
[Site "Seattle"]
[Date "2023.01.06"]
[Round "2"]
[White "Shundi, Matias"]
[Black "Beradze, Irakli"]
[Result "0-1"]
[WhiteElo "2115"]
[BlackElo "2500"]
[PlyCount "130"]
[EventDate "2023.01.05"]
[EventType "team-swiss"]
[EventRounds "6"]
[EventCountry "USA"]
[SourceTitle "CBM 212 Extra"]
[Source "ChessBase"]
[SourceDate "2023.03.31"]
[SourceVersion "1"]
[SourceVersionDate "2023.03.31"]
[SourceQuality "1"]
[WhiteTeam "Stanford"]
[BlackTeam "Texas Rio Grande Valley Univ"]
[WhiteTeamCountry "USA"]
[BlackTeamCountry "USA"]

1. e4 e5 2. Nf3 Nc6 3. d4 exd4 4. Bc4 Nf6 5. 0-0 Nxe4 6. Re1 d5 7. Bxd5 Qxd5 8. Nc3 Qh5 9. Nxe4 Be6 10. Bg5 h6 11. Bf6 Qd5 12. Nxd4 Nxd4 13. Qxd4 Qxd4 14. Bxd4 0-0-0 15. Rad1 Bxa2 16. b3 Bb1 17. Bf6 Rxd1 18. Rxd1 gxf6 19. Rxb1 f5 20. Ng3 f4 21. Nf5 Bb4 22. Rd1 a5 23. h4 h5 24. Rd4 f3 25. gxf3 Rd8 26. Rf4 b5 27. Ne3 Bc3 28. Rf5 a4 29. bxa4 bxa4 30. Rc5 Bb2 31. Ra5 Rd4 32. c4 a3 33. c5 Kd7 34. Kf1 Rxh4 35. Nc2 Rc4 36. Nxa3 Rc3 37. c6+ Kxc6 38. Nb5 Rb3 39. Nxc7 Kxc7 40. Rxh5 Rxf3 41. Ke2 Rf4 42. Ke3 Bc1+ 43. Ke2 Kd6 44. Rh1 Bb2 45. Ke3 Ra4 46. Rh5 Be5 47. Rf5 Ke6 48. Rh5 Ra3+ 49. Ke2 f5 50. Rh6+ Kd5 51. Rh5 Ke4 52. Rh4+ f4 53. Kf1 Bd4 54. Rh2 Be5 55. Rh4 Bf6 56. Rh6 f3 57. Kg1 Ra1+ 58. Kh2 Be5+ 59. Kh3 Rh1+ 60. Kg4 Rxh6 61. Kg5 Bf4+ 62. Kg4 Rg6+ 63. Kh5 Rg8 64. Kh4 Kf5 65. Kh3 Rh8# 0-1

[Event "US Masters op"]
[Site "Charlotte"]
[Date "2022.11.26"]
[Round "7"]
[White "Beradze, Irakli"]
[Black "Burke, John M"]
[Result "1/2-1/2"]
[WhiteElo "2494"]
[BlackElo "2580"]
[PlyCount "105"]
[EventDate "2022.11.23"]
[EventType "swiss"]
[EventRounds "9"]
[EventCountry "USA"]
[SourceTitle "CBM 211 Extra"]
[Source "ChessBase"]
[SourceDate "2023.01.31"]
[SourceVersion "1"]
[SourceVersionDate "2023.01.31"]
[SourceQuality "1"]

1. Nf3 d5 2. g3 g6 3. c4 dxc4 4. Na3 Bg7 5. Nxc4 c5 6. Bg2 Nc6 7. d3 Nf6 8. 0-0 0-0 9. Be3 Nd5 10. Bxc5 b6 11. e4 Nc7 12. Be3 b5 13. Ncd2 Bxb2 14. Rb1 Bg7 15. Nb3 b4 16. Rc1 Bd7 17. d4 Nb5 18. e5 Nc3 19. Qd2 Na5 20. Nxa5 Qxa5 21. Rc2 Rac8 22. Rb2 Be6 23. Ng5 Bc4 24. Ra1 Rfd8 25. Qe1 Qa3 26. Rc2 Nxa2 27. Rxc4 Rxc4 28. Nxf7 Kxf7 29. Qe2 Qb3 30. Rxa2 Rc7 31. Be4 Qe6 32. Ra6 Qc4 33. Qf3+ Kg8 34. Rd6 Rf8 35. Bd5+ Kh8 36. Rf6 exf6 37. Bxc4 Rxc4 38. Qd5 Rcc8 39. e6 a5 40. Qb3 Rfd8 41. d5 a4 42. Qxa4 Rxd5 43. e7 Re5 44. Qxb4 Re8 45. Bc5 h5 46. Kf1 Re6 47. Qb3 R6xe7 48. Bxe7 Rxe7 49. h3 f5 50. Qd5 Kh7 51. g4 hxg4 52. hxg4 fxg4 53. Qg2 1/2-1/2

[Event "US Masters op"]
[Site "Charlotte"]
[Date "2022.11.25"]
[Round "4"]
[White "Beradze, Irakli"]
[Black "Oberoi, Shelev"]
[Result "1-0"]
[WhiteElo "2494"]
[BlackElo "2328"]
[PlyCount "41"]
[EventDate "2022.11.23"]
[EventType "swiss"]
[EventRounds "9"]
[EventCountry "USA"]
[SourceTitle "CBM 213 Extra"]
[Source "ChessBase"]
[SourceDate "2023.05.31"]
[SourceVersion "1"]
[SourceVersionDate "2023.05.31"]
[SourceQuality "1"]

1. Nf3 d5 2. g3 Nc6 3. d4 Bf5 4. Nh4 Be4 5. f3 Bg6 6. c4 e6 7. Nc3 Bb4 8. a3 Bxc3+ 9. bxc3 Na5 10. cxd5 exd5 11. e4 Qd7 12. Bg2 0-0-0 13. 0-0 Ne7 14. Rb1 Kb8 15. Qe2 c6 16. Qa6 Nc4 17. Bh3 Ka8 18. Bxd7 bxa6 19. Bg4 Nd6 20. Bf4 Nec8 21. Bxc8 1-0

[Event "Charlotte CCCSA Fall GM-B"]
[Site "Charlotte"]
[Date "2022.11.21"]
[Round "8"]
[White "Cruz, Cristhian"]
[Black "Beradze, Irakli"]
[Result "0-1"]
[WhiteElo "2552"]
[BlackElo "2494"]
[PlyCount "86"]
[EventDate "2022.11.18"]
[EventType "tourn"]
[EventRounds "9"]
[EventCountry "USA"]
[EventCategory "8"]
[SourceTitle "CBM 211 Extra"]
[Source "ChessBase"]
[SourceDate "2023.01.31"]
[SourceVersion "1"]
[SourceVersionDate "2023.01.31"]
[SourceQuality "1"]

1. d4 d5 2. c4 e6 3. Nc3 c6 4. e3 Nf6 5. Nf3 Nbd7 6. Qc2 Bd6 7. Bd3 0-0 8. 0-0 dxc4 9. Bxc4 a6 10. Rd1 Qc7 11. Ne4 Nxe4 12. Qxe4 c5 13. Bd3 Nf6 14. Qh4 e5 15. dxe5 Bxe5 16. Nxe5 Qxe5 17. Bd2 Qxb2 18. Rac1 Qb6 19. e4 Rd8 20. Be3 Qb4 21. Bxc5 Qb2 22. Be3 Bg4 23. f3 Bd7 24. Rc2 Qa3 25. Bb6 Ba4 26. Bxd8 Rxd8 27. e5 Bxc2 28. Bxh7+ Nxh7 29. Rxd8+ Nf8 30. Qd4 Ba4 31. h4 Bc6 32. Kh2 Kh7 33. Ra8 Qe7 34. h5 g6 35. e6 gxh5 36. Qd3+ Ng6 37. exf7 Qxf7 38. Qd8 Qxa2 39. Rc8 Qd5 40. Qb6 Qe5+ 41. Kh1 h4 42. Qb3 h3 43. gxh3 Qe1+ 0-1

[Event "Charlotte CCCSA Fall GM-B"]
[Site "Charlotte"]
[Date "2022.11.21"]
[Round "7"]
[White "Korley, Kassa"]
[Black "Beradze, Irakli"]
[Result "0-1"]
[WhiteElo "2451"]
[BlackElo "2494"]
[PlyCount "110"]
[EventDate "2022.11.18"]
[EventType "tourn"]
[EventRounds "9"]
[EventCountry "USA"]
[EventCategory "8"]
[SourceTitle "CBM 211 Extra"]
[Source "ChessBase"]
[SourceDate "2023.01.31"]
[SourceVersion "1"]
[SourceVersionDate "2023.01.31"]
[SourceQuality "1"]

1. Nf3 d5 2. g3 c6 3. Bg2 Bf5 4. 0-0 e6 5. d3 h6 6. c4 Nf6 7. cxd5 cxd5 8. Qb3 Qb6 9. Qxb6 axb6 10. Nc3 Nc6 11. Nb5 Kd7 12. Bd2 Bc5 13. a3 Bg4 14. b4 Bxf3 15. Bxf3 Bd4 16. Ra2 Be5 17. Rc1 Na7 18. Nxa7 Rxa7 19. Be3 Rha8 20. Bxb6 Rxa3 21. Rac2 Rb3 22. Bc5 Bb2 23. Rb1 Ra1 24. Rxa1 Bxa1 25. Ra2 Bc3 26. Ra7 Kc6 27. Ra8 Bxb4 28. Bd4 Kd7 29. Bxf6 gxf6 30. Bh5 Rb2 31. Rh8 b5 32. Rxh6 Be7 33. Rh8 b4 34. Ra8 Bd6 35. Ra1 b3 36. e3 d4 37. exd4 Rd2 38. Rb1 b2 39. Bd1 Bb4 40. Bb3 Bc3 41. d5 Bd4 42. dxe6+ fxe6 43. Ba2 Rxf2 44. Rf1 Rc2+ 45. Kh1 f5 46. Bb1 Re2 47. Ba2 Ke7 48. Bb1 Kf6 49. g4 Kg5 50. gxf5 exf5 51. Ba2 f4 52. Bd5 f3 53. Bxf3 Rf2 54. Rg1+ Kf4 55. Bg2 Rxg2 0-1

[Event "Brownsville UT RGV GM"]
[Site "Brownsville"]
[Date "2021.12.23"]
[Round "9"]
[White "Beradze, Irakli"]
[Black "Lin, Dachey"]
[Result "1-0"]
[WhiteElo "2490"]
[BlackElo "2245"]
[PlyCount "93"]
[EventDate "2021.12.18"]
[EventType "tourn"]
[EventRounds "11"]
[EventCountry "USA"]
[EventCategory "6"]
[SourceTitle "CBM 209 Extra"]
[Source "ChessBase"]
[SourceDate "2022.09.30"]
[SourceVersion "1"]
[SourceVersionDate "2022.09.30"]
[SourceQuality "1"]

1. e4 c6 2. d4 d5 3. Nd2 dxe4 4. Nxe4 Bf5 5. Ng3 Bg6 6. h4 h6 7. Nf3 Nd7 8. h5 Bh7 9. Bd3 Bxd3 10. Qxd3 e6 11. Bd2 Ngf6 12. 0-0-0 Be7 13. Kb1 0-0 14. Ne4 Nxe4 15. Qxe4 Nf6 16. Qe2 Qd5 17. Be3 Qb5 18. c4 Qf5+ 19. Ka1 Ng4 20. Bc1 Rfe8 21. Nh4 Qxh5 22. f3 Nf6 23. g4 Qa5 24. f4 Nh7 25. g5 Bf8 26. Bd2 Qc7 27. Rdg1 hxg5 28. Nf3 g6 29. fxg5 Bg7 30. Rh4 Nf8 31. Bf4 e5 32. Bxe5 Nd7 33. Rgh1 Nxe5 34. Qh2 Kf8 35. dxe5 Ke7 36. Qf2 c5 37. Rf4 Rad8 38. a3 Kf8 39. Rf6 Ke7 40. Rh7 Rd1+ 41. Ka2 Bxf6 42. gxf6+ Kd8 43. Ng5 Qc6 44. Nxf7+ Kc7 45. Nd6+ Kb8 46. Rxb7+ Ka8 47. f7 1-0

[Event "Brownsville UT RGV GM"]
[Site "Brownsville"]
[Date "2021.12.18"]
[Round "2"]
[White "Beradze, Irakli"]
[Black "Ouellet, Maili Jade"]
[Result "1-0"]
[WhiteElo "2490"]
[BlackElo "2192"]
[PlyCount "121"]
[EventDate "2021.12.18"]
[EventType "tourn"]
[EventRounds "11"]
[EventCountry "USA"]
[EventCategory "6"]
[SourceTitle "EXT 2023"]
[Source "ChessBase"]
[SourceDate "2022.10.05"]
[SourceVersion "1"]
[SourceVersionDate "2022.10.05"]
[SourceQuality "1"]

1. Nf3 d5 2. g3 Nf6 3. Bg2 e6 4. 0-0 Be7 5. c4 0-0 6. b3 d4 7. e3 c5 8. exd4 cxd4 9. Re1 Nc6 10. Ne5 Nxe5 11. Rxe5 Ne8 12. d3 f6 13. Re1 e5 14. f4 Bd6 15. Qf3 Nc7 16. f5 Bd7 17. Nd2 Bb4 18. Re2 Bxd2 19. Bxd2 Bc6 20. Qf1 Bxg2 21. Qxg2 b6 22. g4 Qd7 23. Rf1 Rae8 24. Qb7 Rf7 25. a4 Qd6 26. b4 Nb5 27. Qd5 Qxd5 28. cxd5 Nc7 29. d6 Nd5 30. Rc1 Rd7 31. Rc6 Red8 32. Re1 Rxd6 33. Rxd6 Rxd6 34. Rc1 Rd8 35. Kf2 g6 36. Kf3 Kf7 37. b5 Rd7 38. Ke4 Nc3+ 39. Bxc3 dxc3 40. Rxc3 Rd4+ 41. Ke3 Rxa4 42. Rc7+ Kg8 43. g5 gxf5 44. gxf6 Ra5 45. Rg7+ Kf8 46. Rxh7 Rxb5 47. Rxa7 Rb2 48. Rh7 b5 49. Rh5 b4 50. Rxf5 Rxh2 51. Rxe5 Kf7 52. Rb5 Rb2 53. Rb6 Rb1 54. Kd4 Rb3 55. Ke4 Rb1 56. Ke5 Rb3 57. Rb7+ Kg8 58. Ke6 Rxd3 59. Rb8+ Kh7 60. f7 Re3+ 61. Kd5 1-0

[Event "US Masters"]
[Site "Charlotte"]
[Date "2021.11.28"]
[Round "8"]
[White "Beradze, Irakli"]
[Black "Jacobson, Brandon"]
[Result "0-1"]
[WhiteElo "2487"]
[BlackElo "2514"]
[PlyCount "114"]
[EventDate "2021.11.24"]
[EventType "swiss"]
[EventRounds "9"]
[EventCountry "USA"]
[SourceTitle "CBM 205 Extra"]
[Source "ChessBase"]
[SourceDate "2022.01.31"]
[SourceVersion "1"]
[SourceVersionDate "2022.01.31"]
[SourceQuality "1"]

1. Nf3 d5 2. d4 Nf6 3. Bf4 e6 4. e3 Bd6 5. Bg3 0-0 6. Nbd2 c5 7. c3 Qc7 8. Ne5 b6 9. Bd3 Bb7 10. 0-0 Nc6 11. Nxc6 Bxc6 12. Bxd6 Qxd6 13. f4 b5 14. Rf3 c4 15. Bc2 Ne4 16. Rh3 g6 17. Bxe4 dxe4 18. Qg4 f5 19. Qh4 Rf7 20. a4 a6 21. g4 Qe7 22. Qxe7 Rxe7 23. Rg3 Bd5 24. a5 Rb8 25. Kf2 b4 26. gxf5 exf5 27. Ke2 Rb5 28. Rgg1 Kf7 29. Ra2 Kf6 30. h4 Reb7 31. Rf1 h6 32. Rg1 Rg7 33. Raa1 g5 34. hxg5+ hxg5 35. fxg5+ Rxg5 36. Rxg5 Kxg5 37. Rg1+ Kf6 38. Ra1 Ke6 39. Kd1 f4 40. exf4 bxc3 41. bxc3 e3 42. Nf1 Bf3+ 43. Kc2 Be4+ 44. Kd1 Rh5 45. Ke2 Rh3 46. f5+ Kd6 47. Nxe3 Rh2+ 48. Ke1 Bd3 49. Nxc4+ Bxc4 50. Ra4 Kd5 51. Rb4 Bb5 52. f6 Re2+ 53. Kd1 Rf2 54. Kc1 Ke4 55. c4 Kxd4 56. Rb2 Rf1+ 57. Kd2 Kxc4 0-1

[Event "US Masters"]
[Site "Charlotte"]
[Date "2021.11.26"]
[Round "4"]
[White "Martinez Alcantara, Jose Eduardo"]
[Black "Beradze, Irakli"]
[Result "1-0"]
[WhiteElo "2608"]
[BlackElo "2487"]
[PlyCount "105"]
[EventDate "2021.11.24"]
[EventType "swiss"]
[EventRounds "9"]
[EventCountry "USA"]
[SourceTitle "CBM 205 Extra"]
[Source "ChessBase"]
[SourceDate "2022.01.31"]
[SourceVersion "1"]
[SourceVersionDate "2022.01.31"]
[SourceQuality "1"]

1. e4 e5 2. Nf3 Nc6 3. Bb5 a6 4. Ba4 Nf6 5. 0-0 Be7 6. d3 b5 7. Bb3 d6 8. a4 Bb7 9. Re1 0-0 10. Nbd2 Na5 11. Ba2 c5 12. c3 Rb8 13. Nf1 c4 14. Ng3 Bc8 15. d4 Nc6 16. axb5 axb5 17. Bb1 Re8 18. h3 Bf8 19. Be3 Qc7 20. d5 Ne7 21. Bc2 Ng6 22. Qd2 Bb7 23. Bg5 Nd7 24. Nf5 Ne7 25. g4 Nc5 26. Kh2 Ra8 27. Rad1 Ng6 28. h4 Ra2 29. Bb1 Nb3 30. Qc2 Ra1 31. h5 Ne7 32. Rg1 Nc5 33. Qe2 Ba6 34. Qe3 Ra4 35. N3h4 Nd3 36. Bxd3 cxd3 37. Qxd3 b4 38. Qf3 bxc3 39. bxc3 Rc8 40. Bxe7 Bxe7 41. Nxe7+ Qxe7 42. Nf5 Qd8 43. Ra1 Rxa1 44. Rxa1 Bb5 45. c4 Be8 46. Ra7 Rc7 47. Rxc7 Qxc7 48. h6 gxh6 49. Nxh6+ Kg7 50. g5 Qd8 51. Qh5 Qb6 52. Nf5+ Kg8 53. Kg2 1-0

[Event "Continental op 51st"]
[Site "Sturbridge"]
[Date "2021.10.04"]
[Round "9"]
[White "Rahul, Srivatshav P"]
[Black "Beradze, Irakli"]
[Result "0-1"]
[WhiteElo "2463"]
[BlackElo "2475"]
[PlyCount "106"]
[EventDate "2021.08.12"]
[EventType "swiss"]
[EventRounds "9"]
[EventCountry "USA"]
[SourceTitle "CBM 211 Extra"]
[Source "ChessBase"]
[SourceDate "2023.01.31"]
[SourceVersion "1"]
[SourceVersionDate "2023.01.31"]
[SourceQuality "1"]

1. d4 Nf6 2. Nf3 e6 3. c4 b6 4. a3 Bb7 5. Nc3 d5 6. Qc2 Be7 7. Bg5 0-0 8. Bxf6 Bxf6 9. cxd5 exd5 10. e3 c5 11. Rd1 Nd7 12. Be2 Qe7 13. 0-0 Rac8 14. Qa4 a6 15. Bxa6 Ra8 16. Bxb7 Rxa4 17. Nxa4 b5 18. Nc3 Nb6 19. Bc6 b4 20. Nxd5 Nxd5 21. Bxd5 bxa3 22. bxa3 cxd4 23. exd4 Qxa3 24. Bc6 Rd8 25. d5 g6 26. Rfe1 Kg7 27. Re3 Qc5 28. Rb1 Qc2 29. Rb7 Bd4 30. Ne1 Qd2 31. Nf3 Qa2 32. h3 Bxe3 33. fxe3 Qe2 34. e4 Qe3+ 35. Kh2 Rb8 36. Rxb8 Qf4+ 37. Kh1 Qxb8 38. e5 Qc7 39. Kg1 f6 40. e6 Kf8 41. Kf2 Qf4 42. Ke2 Qc4+ 43. Kd2 Ke7 44. h4 h6 45. Ke3 Qc3+ 46. Kf2 f5 47. Ke2 Kd6 48. Nd2 Qd4 49. Nf3 Qe4+ 50. Kf2 g5 51. hxg5 hxg5 52. e7 Qxe7 53. Nd4 Qa7 0-1

[Event "Continental op 51st"]
[Site "Sturbridge"]
[Date "2021.08.15"]
[Round "8"]
[White "Beradze, Irakli"]
[Black "Chiu, Isaac"]
[Result "1-0"]
[WhiteElo "2475"]
[BlackElo "2250"]
[PlyCount "90"]
[EventDate "2021.08.12"]
[EventType "swiss"]
[EventRounds "9"]
[EventCountry "USA"]
[SourceTitle "CBM 203 Extra"]
[Source "ChessBase"]
[SourceDate "2021.09.30"]
[SourceVersion "1"]
[SourceVersionDate "2021.09.30"]
[SourceQuality "1"]

1. Nf3 Nf6 2. c4 e6 3. b3 d5 4. Bb2 Be7 5. e3 0-0 6. Be2 c5 7. cxd5 Nxd5 8. Nc3 Nc6 9. 0-0 b6 10. Nxd5 Qxd5 11. Bc4 Qf5 12. Qe2 Rd8 13. e4 Qh5 14. Qe3 Bb7 15. Rac1 Rac8 16. Rfe1 Bf6 17. Bxf6 gxf6 18. Qf4 Kg7 19. e5 f5 20. Be2 Qh6 21. Qa4 Kh8 22. Ba6 Bxa6 23. Qxa6 Nb4 24. Qxa7 Nd3 25. Qxf7 Re8 26. Qb7 Rb8 27. Qc6 Qg7 28. Qb5 Nxe1 29. Rxe1 Rg8 30. g3 Rgd8 31. Qc4 Rd5 32. h3 h6 33. a4 Qd7 34. Re3 Rd8 35. Kg2 Qc6 36. Qh4 R5d7 37. Qxh6+ Kg8 38. Qg5+ Kh8 39. Kh2 Rf8 40. Nh4 Rff7 41. Ng6+ Kh7 42. Nf4 Rde7 43. Qg6+ Kh8 44. Qh6+ Kg8 45. Ng6 Qb5 1-0